000
00196nam a2200085 4500
001
1256668
005
20260102114540.0
245
_a
ÜNSÜZ YOUTUBERIN GÜNLÜĞÜ
_c
MİYASE SERTBARUT
260
_b
ALTIN
999
_c
1256668
_d
1256668